ARRUPE JESUIT UNIVERSITY

CORONAVIRUS -STOP THE SPREAD - CLEAN,DISINFECT,COVER

A history of Western education. (Record no. 118563)

MARC details
000 -LEADER
fixed length control field 00993cam a2200301 4500
001 - CONTROL NUMBER
control field 589609
003 - CONTROL NUMBER IDENTIFIER
control field ARRUPE
005 - DATE AND TIME OF LATEST TRANSACTION
control field 20131107121937.0
008 - FIXED-LENGTH DATA ELEMENTS--GENERAL INFORMATION
fixed length control field 870820m19721981nyua b 001 0 eng
010 ## - LIBRARY OF CONGRESS CONTROL NUMBER
LC control number 79185251
035 ## - SYSTEM CONTROL NUMBER
System control number (OCoLC)2780669
035 ## - SYSTEM CONTROL NUMBER
System control number (OCoLC)ocm02780669
035 ## - SYSTEM CONTROL NUMBER
System control number (CStRLIN)NYCG87-B69263
035 ## - SYSTEM CONTROL NUMBER
System control number (NNC)589609
040 ## - CATALOGING SOURCE
Modifying agency NNC
Transcribing agency fdd
050 0# - LIBRARY OF CONGRESS CALL NUMBER
Classification number LA11
Item number .B622
082 ## - DEWEY DECIMAL CLASSIFICATION NUMBER
Classification number 370/.9
090 ## - LOCALLY ASSIGNED LC-TYPE CALL NUMBER (OCLC); LOCAL CALL NUMBER (OCLC)
Classification number (OCLC) (R) ; Classification number, CALL (RLIN) (NR) LA11
Local cutter number (OCLC) ; Book number/undivided call number, CALL (RLIN) .B622
300 ## - PHYSICAL DESCRIPTION
Other physical details illus.
Dimensions 25 cm.
100 1# - MAIN ENTRY--PERSONAL NAME
Personal name Bowen, James,
Dates associated with a name 1928-
9 (RLIN) 3435
245 12 - TITLE STATEMENT
Title A history of Western education.
260 ## - PUBLICATION, DISTRIBUTION, ETC. (IMPRINT)
Place of publication, distribution, etc New York,
Name of publisher, distributor, etc St. Martin's Press
Date of publication, distribution, etc [1972-1981]
300 ## - PHYSICAL DESCRIPTION
Extent 3 v.
504 ## - BIBLIOGRAPHY, ETC. NOTE
Bibliography, etc Bibliography: v. 1, p. [376]-386; v. 2, p. [483]-496.
505 1# - FORMATTED CONTENTS NOTE
Formatted contents note v. 1. The ancient world: Orient and Mediterranean, 2000 B. C.-A. D. 1054.--v. 2. Civilization of Europe, sixth to sixteenth century.--v. 3. The Modern West, Europe and the New World.
650 #0 - SUBJECT ADDED ENTRY--TOPICAL TERM
Topical term or geographic name as entry element Education
General subdivision History.
9 (RLIN) 3436
942 ## - ADDED ENTRY ELEMENTS (KOHA)
Source of classification or shelving scheme Library of Congress Classification
Koha item type Monograph ( Printed materials)
Holdings
Withdrawn status Lost status Source of classification or shelving scheme Damaged status Not for loan Home library Current library Date acquired Total Checkouts Full call number Barcode Date last seen Price effective from Koha item type
    Library of Congress Classification     ARRUPE LIBRARY ARRUPE LIBRARY 07/11/2013   LA11 .B622 1981 46410837 28/06/2018 07/11/2013 Monograph ( Printed materials)

 

Arrupe Library. PO Box MP320 Mt Pleasant, Harare, Zimbabwe
263 242 745411|librarian@aju.ac.zw